Loading...
Essentials of HRM /
| Main Author: | |
|---|---|
| Other Authors: | |
| Format: | Printed Book |
| Language: | English |
| Published: |
Oxford :
Butterworth Heinemann,
2000.
|
| Edition: | 4th ed. |
| LEADER | 00567nam a22001697a 4500 | ||
|---|---|---|---|
| 008 | 161108b xxu||||| |||| 00| 0 eng d | ||
| 999 | |c 160785 |d 160785 | ||
| 020 | |a 9780750647151 | ||
| 082 | |a 658.3 | ||
| 100 | |a Tyson, Shaun | ||
| 245 | |a Essentials of HRM / |c Shaun Tyson and Alfred York | ||
| 250 | |a 4th ed. | ||
| 260 | |b Butterworth Heinemann, |c 2000. |a Oxford : | ||
| 300 | |a 351 | ||
| 700 | |a York, Alfred | ||
| 942 | |c BK | ||
| 952 | |0 0 |1 0 |4 0 |6 658_300000000000000_TYS_E |7 0 |9 175715 |a CMS |b CMS |c ST1 |d 2016-11-08 |i 7633 |l 1 |o 658.3 TYS/E |p CMS7633 |r 2021-03-08 |s 2020-03-10 |w 2018-08-23 |y BK | ||